| 000 | 00830 a2200277 4500 | ||
|---|---|---|---|
| 003 | Nust | ||
| 005 | 20170207154054.0 | ||
| 020 | _a0-8247-0978-0 (hbk.) : | ||
| 035 | _a(Uk)012929992 | ||
| 040 | _cNust | ||
| 082 | 0 | 4 | _a021.64 |
| 245 | 0 | 0 |
_aGlobal librarianship(E-BOOK) _cedited by Martin Allan Kesselman and Irwin Weintraub |
| 260 |
_aNew York : _bMarcel Dekker, _c2004 |
||
| 300 |
_axvi, 320 s. : _bill |
||
| 440 | 0 |
_aBooks in library and information science ; _v67 |
|
| 650 | 0 | _aBiblioteks- och informationsvetenskap | |
| 650 | 0 | _aBiblioteks- och informationsvetenskap | |
| 650 | 0 | _aGlobalisering | |
| 650 | 0 | _aGlobalisering | |
| 650 | 0 | _aGlobalization | |
| 650 | 0 | _aInternational librarianship | |
| 650 | 0 | _aLibrary science | |
| 651 | _aE-BOOK | ||
| 700 | 1 |
_aKesselman, Martin _4edr |
|
| 700 | 1 |
_aWeintraub, Irwin _4edt |
|
| 942 |
_2ddc _cBK |
||
| 999 |
_c193274 _d193274 |
||